书目信息 |
| 题名: |
布朗运动与位势
|
|
| 作者: | 王梓坤 著 | |
| 分册: | ||
| 出版信息: | 北京 科学出版社 1983 |
|
| 页数: | 123页 | |
| 开本: | 19cm | |
| 丛书名: | ||
| 单 册: | ||
| 中图分类: | O211.62 | |
| 科图分类: | ||
| 主题词: | 布朗运动 , 位势(数学) , 概率论 , 数理统计 | |
| 电子资源: | ||
| ISBN: | ||
| 000 | 00692nam0 2200277 45 | |
| 001 | 0183011725 | |
| 005 | 20040521105117.6 | |
| 010 | @dCNY0.66 | |
| 091 | @a13031.2280 | |
| 100 | @a19950525d1983 em y0chiy0121 ea | |
| 101 | 0 | @achi |
| 102 | @aCN@b110000 | |
| 105 | @ay z 000yy | |
| 106 | @ar | |
| 200 | 10 | @a布朗运动与位势@Abu lang yun dong yu wei shi@f王梓坤著 |
| 210 | @a北京@c科学出版社@d1983 | |
| 215 | @a123页@d19cm | |
| 606 | @a布朗运动 | |
| 606 | @a位势(数学) | |
| 606 | 0 | @a概率论 |
| 606 | 0 | @a数理统计 |
| 690 | @aO211.62 | |
| 701 | 0 | @a王梓坤@Awang zi kun@4著 |
| 801 | 0 | @aCN@b上海图书馆@c20040521 |
| 801 | 2 | @aCN@bNLC@c20040521 |
| 905 | @f1@b161776@dO211.62@e66 | |
| 布朗运动与位势/王梓坤著.-北京:科学出版社,1983 |
| 123页;19cm |
| ISBN :CNY0.66 |
| ● |
| 相关链接 |
|
|
|
|
正题名:布朗运动与位势
索取号:O211.62/66
 
预约/预借
| 序号 | 登录号 | 条形码 | 馆藏地/架位号 | 状态 | 备注 |
| 1 | 0161776 | 000404896 | 第三借阅区/ [索取号:O211.62/66] | 在馆 | |
| 2 | 0161778 | 000404850 | 第二样本阅览室/ [索取号:O211.62/66] | 在馆 |